000 00329nam a22001337a 4500
020 _a978-1-337-90272-4
082 _a332.1
100 _aBrandi, Michael W.
245 _aMoney, Banking, Financial Markets & Institutions
250 _a2nd
260 _aBoston:
_bCengage,
_c2021
300 _axix, 556p.: ill.; 26cm
942 _cBK
999 _c22204
_d22204